000 00781nam a2200229Ia 4500
008 130821s2001 sp gr spa
020 _a8480195355
040 _aCo-BoUCM
_bspa
041 0 0 _aspa
060 _aWS 103
100 1 _aZukunft-Huber, Barbara
_9163886
245 1 0 _aGimnasia para bebés juegos y ejercicios para fomentar el movimiento reconocimiento de malformaciones
_cBarbara Zukunft-Huber
250 _a4a. Ed.
260 _aBarcelona (España)
_bEditorial Paidotribo
_c2001
300 _a175 páginas
504 _aIncluye bibliografía
650 0 4 _aEjercicio
_xRecién nacidos
_913933
650 0 4 _aGimnasia para niños
_916434
650 0 4 _aMovimiento humano
_919823
650 0 4 _aPediatría
_921221
942 _cLIBRO
_a15
_e4
_mZ946g
_2NLM
_hWS 103
_n0
999 _c54574
_d54574